000 01330cad a22002055a 4500
001 L154331
008 111114s2011 xxk f 000 0 eng d
035 _a(Sirsi) u154331
041 0 _aeng
110 2 _aConfederation of British Industry
_9414
245 0 0 _aUnfreezing the housing market
_h[electronic resource]
260 _aLondon
_bCBI
_c2011
505 2 _aExecutive summary -- Recommendations -- Housing plays a cricial role in the UK economy -- Government and business need to tackle failures in the housing market -- Immediate action is needed to support the housing market and drive economic recovery -- A healthy housing market requires long term solutions -- References
520 _aStresses the importance of housing on UK infrastructure and the national economy and its affect on consumer confidence and spending. Recommends that Government and business need to tackle failures in the housing market, immediate action should be taken to support the housing market and drive economic recovery and a healthy housing market requires long term solutions.
590 _aKA NTK
651 4 _aUnited Kingdom
_y
690 _aPROPERTY-RESIDENTIAL PROPERTY
856 4 0 _uhttps://www.cbi.org.uk/media/1157544/cbi_unfreezing_the_housing_market_november_2011.pdf
_zView the item free of charge at cbi.org.uk
942 _n0
999 _c112938
_d112938